東京メトロの車両が定期で扱う発車メロディー - Statistics

General Stats
  • This quiz has been taken 7 times
  • The average score is 42 of 343
Answer Stats
Answer % Correct
さくら
67%
めだかの学校
50%
たなばたさま
50%
阿波踊り
50%
A Day in the Metro
50%
JRE-IKST-003-01
50%
JRE-IKST-003-02
50%
オリジナル曲
33%
お江戸日本橋
33%
33%
恋するフォーチュンクッキー
33%
カトレアの花束
33%
君の名は希望
33%
ソーダ水
33%
Beyond the metropolis
33%
JRE-IKST-017-01
33%
JRE-IKST-017-02
33%
Ready To Go
33%
道はここから
17%
アンディーン
17%
永遠に続く道
17%
早瀬
17%
ようこそ!
17%
いつかきっと
17%
コンシェルジュ
17%
星を探して
17%
オレンジピール
17%
シトラスの香り
17%
玉紫陽花
17%
スタートライン
17%
銀座カンカン娘
17%
蜜柑色の夢
17%
雪月花
17%
お祭りマンボ
17%
星の贈り物
17%
ハート畑
17%
ひかりの反射
17%
夢行きステップ
17%
ハートスタイル
17%
羽をひろげて
17%
駅にサンキュー
17%
スイートムーン
17%
ベリル
17%
ラッキーボーイ
17%
角を曲がれば
17%
ラッキーカード
17%
ピアノマン
17%
ミツバチの兄弟
17%
きらめく小川
17%
ステーションベル
17%
ひとやすみ
17%
レインボウ電車
17%
駅メモリー
17%
トレインライト
17%
駅ウォーキング
17%
ヒーリング電車
17%
メトロタウン
17%
レインシャワー
17%
ランダムショット
17%
東京旅姿
17%
スマイル電車
17%
明日の扉
17%
小鳥の行進
17%
らくらく乗降
17%
夢心地
17%
快適乗降
17%
潤い電車
17%
駅スイート
17%
ハートレール
17%
ジェントルトレイン
17%
素敵にハート
17%
サニーサイドステーション
17%
マウンテン
17%
サークルゲーム
17%
もうすぐ扉が閉まります
17%
ドリーム駅
17%
フランソワ
17%
キラリトレイン
17%
スペシャルゲスト
17%
希望の電車
17%
スタイルブック
17%
コサージュ
17%
落ち葉の舗道
17%
ロッキンメトロ
17%
アルテミス
17%
昼下がりのテラス
17%
希望の地へ
17%
セレンディピティ
17%
昇って降りて
17%
輝く都市
17%
夏雲
17%
明日への序章
17%
今日も一日
17%
銀杏の下で
17%
公園日和
17%
銀座の恋の物語
17%
桃山
17%
ノスタルジア
17%
オールマイティー
17%
潮騒
17%
黄金虫のワルツ
17%
煌めき
17%
スピネル
17%
キャノピー
17%
そぞろ歩き
17%
御伽草子
17%
いつもの店で
17%
向こう岸
17%
アッシュグレイ
17%
ゆれる袂
17%
さあ、行くよ!
17%
銀箭
17%
花びら
17%
タイムマシン
17%
星まつり
17%
桜の川堤
17%
プリズム
17%
オラはにんきもの
17%
東武動物公園のテーマ
17%
若葉の散歩道
17%
月夜のカーニバル
17%
ハイヒールパレード
17%
三つの願い
17%
ペリドット
17%
きっと、また会える
17%
希望を乗せて
17%
ペパーミント
17%
穏やかな午後を
17%
ショウが始まるよ
17%
スニーカー
17%
橋を渡れば
17%
水のワルツ
17%
光のカテナリー
17%
あなたと一緒なら
17%
モザイク
17%
すばらしき出会い
17%
古今
17%
緑のスキップ
17%
花便り
17%
ほっと一息
17%
古きをたずねて
17%
帰り道
17%
気分はスイング
17%
夏木立
17%
17%
閃緑
17%
市松模様
17%
雨が上がったよ
17%
プリティ・タウン
17%
千歳緑
17%
電車ライト
17%
レッツトレイン
17%
輪になって
17%
もう来ます
17%
茶つみ
17%
オーバーフロー
17%
駅ストレッチ
17%
スター車両
17%
休みながら
17%
マイルド電車
17%
時のスパイラル
17%
冒険電車
17%
星の舞踏会
17%
風香る駅
17%
ラブリートレイン
17%
星のゆくえ
17%
電車でウキウキ
17%
キューティー電車
17%
きらめき電車
17%
サムライ電車
17%
パピヨン
17%
雪景色
17%
地下鉄が好き
17%
一緒に
17%
アンブレラワルツ
17%
花時計
17%
雨が上がれば
17%
目覚めの電車
17%
江戸の街
17%
旅の前日
17%
たんとんとん
17%
風はみどりの
17%
スキップ車両
17%
駆け込み禁止
17%
明日はきっと
17%
Blue Sky
17%
bright
17%
cielo azur
17%
Comical Train
17%
common
17%
Endless Trip
17%
Fast River
17%
Lovely Morning
17%
memoir
17%
OK!
17%
patio
17%
Retro Urban
17%
Rolling
17%
Safety
17%
Tokyo Line
17%
Toy Garden
17%
営団ブザー
0%
大きな玉ねぎの下で〜はるかなる想い〜
0%
電子ベル
0%
常磐木
0%
出掛ける人を応援
0%
ふるさとへの思い(おかえり)
0%
旅の楽しみ・期待感
0%
人の優しさ・小江戸感
0%
はらり
0%
始まるよ
0%
こおろぎ
0%
ワクワク電車
0%
きれいな川
0%
楽しい場所
0%
セカンド・ラブ
0%
となりのトトロ
0%
キャロット
0%
無休
0%
さわやかステーション
0%
電車へスキップ
0%
かざぐるま
0%
薫風
0%
エントランス
0%
サヴァラン
0%
朝陽のシャワー
0%
今日もどこかで
0%
黎明
0%
寿式三番叟
0%
てんつつ
0%
センスオブワンダー
0%
手を取って
0%
ブックマーク
0%
夕涼み
0%
マーキュリー
0%
川の辺
0%
糸竹の道
0%
カットグラス
0%
万華鏡
0%
深呼吸
0%
花霞
0%
光彩都市
0%
五月雨
0%
紫電
0%
ライブラリー
0%
見上げる空に
0%
スタートアップ
0%
目黒線下り乗降促進
0%
目黒線上り乗降促進
0%
銀のしずく
0%
テラコッタ
0%
つかの間の
0%
躍動する都会
0%
エメラルド・グリーン
0%
素敵なお店
0%
ミントベル
0%
カリンの実
0%
さざ波
0%
陽だまり
0%
天然水
0%
明日への階段
0%
希望の夜明け
0%
午後のひととき
0%
ソフィアの鐘の音
0%
明るい水辺
0%
オアシス
0%
坂のある街
0%
水の戯れ
0%
花咲く学び舎
0%
銀杏の並木道
0%
屋敷のある街
0%
ビスマス
0%
ツツジ、咲く
0%
桜並木を望んで
0%
風のゆくえ
0%
地図を広げて
0%
ノッカー
0%
小さなオルゴール
0%
いつもの駅で
0%
時のしらべ
0%
月は南に
0%
ティー・スプーン
0%
リズムガーデン
0%
オン・ザ・コーナー
0%
イーストパラダイス
0%
シーサイド
0%
ティータイム
0%
クリストフ
0%
シルバーレール
0%
きらめくホーム
0%
花咲く街角
0%
風を感じて
0%
春の翼
0%
不思議のワルツ
0%
夢見るハート
0%
ぐるぐる
0%
プラット散歩
0%
てんとう虫のステップ
0%
ゆっくり行こう
0%
おとぎのワルツ
0%
愛ステーション
0%
西武メロディー1
0%
西武メロディー2
0%
西武メロディー3
0%
西武メロディー4
0%
銀河鉄道999
0%
City Runner
0%
Departing from New Shibuya Terminal
0%
DESIRE-情熱-
0%
メトロでGo!
0%
Good Day
0%
Morning Station
0%
Next Step
0%
poco a poco
0%
Promised Land
0%
Sparking Road
0%
Take Me Out To The Ball Game
0%
TOAオリジナルチャイム1 アレンジ
0%
TOAオリジナルチャイム1
0%
TOAオリジナルチャイム5 アレンジ
0%
TOAオリジナルチャイム5
0%
TOAオリジナルチャイム7 アレンジ
0%
TOAオリジナルチャイム7
0%
TOAオリジナルチャイム8 アレンジ
0%
TOAオリジナルチャイム8
0%
TOKYO CITY
0%
No matching quizzes found
Score Distribution
Percent of People with Each Score
Percentile by Number Answered
Your Score History
You have not taken this quiz